Surrealistická skupina v Česko-Slovensku v 70. a 80. letech a dnes

Bibliographic Details
Main Author: Nádvorníková, Alena, 1942- (Author)
Format: Article
Language:Czech
PhysicalDescription:Obr.
ISBN:8088675480
Subjects:

MARC

LEADER 00000nab a2200000 a 4500
001 vtls000670178
003 SK-MaSNL
005 20260303225437.0
008 160324c1997 xo 0 cze
015 |a SNBRA1998/08-21868 
035 |a CLN000022356 
040 |a SNKBUCL  |b slo  |c SNKBUCL  |e AACR2 
041 0 |a cze 
044 |a xo  |c SK 
080 |a 73/76(437)  |2 1997 
080 |a 73/76.036.7(437)  |2 1997 
100 1 |a Nádvorníková, Alena,  |d 1942-  |4 aut  |9 113359 
245 1 0 |a Surrealistická skupina v Česko-Slovensku v 70. a 80. letech a dnes  |c Alena Nádvorníková 
300 |b Obr. 
504 |a Bibliogr. odkazy 
650 0 7 |a umenie výtvarné  |x surrealizmus  |z Česko-Slovensko  |y stor. 20., r. 70.-80.  |2 snkbucl  |9 1262333 
655 7 |a články zo zborníkov  |2 snkbucl  |9 166140 
773 0 |w SK01SNK19970263188  |z 8088675480  |t Umenie sedemdesiatych rokov  |d Bratislava : Vysoká škola výtvarných umení : Slovenská národná galéria, 1997  |g S. 58-63 
850 |a Slovenská národná knižnica v Martine 
852 |a SNK  |b KIS3GCP 
958 |a SK 
958 |a CZ 
999 |c 2256995  |d 2258925